000 00702nam a2200289Ia 4500
005 20260324113742.0
008 008 260324s9999 xx 000 0 eng d
020 _a9781003164609
037 _aEBOOK
040 _aCRL
040 _beng
040 _cCRL
041 _2eng
041 _aeng
084 _qCRL
100 _aRahul Kanegaonkar; James Tysome
_91148035
245 0 _aMedical Innovation
245 0 _bConcepts, Delivery and the Future of Healthcare
260 _bTaylor and Francis
260 _c2023
365 _a
365 _b275
856 _uhttp://www.taylorfrancis.com/books/9781003164609
942 _cEBOOK
999 _c1737849
_d1737849